000 00471cam a22001812 4500
001 0000000445
005 20151217155801.0
008 070201s xx 000 0 eng d
040 _aKABU
_cKABU
050 0 _aDT447
_b.T36
245 1 0 _aTanzania before 1900.
260 _aNairobi :
_bEAPH,
_c1968.
300 _a xx, 162 p.
651 0 _aTanzania
_xHistory.
_@0000148641
908 _a070201
950 _@1
999 _c12319
_d12319